000 00275nam a2200133Ia 4500
008 090124s9999 xx 000 0 und d
082 _b200764
245 _aMORA
250 _a0
260 _bANAND MULK RAJ
_c1972
630 _aMORA
730 _aMORA
942 _cBOOK
999 _c182332
_d182332